000 00818nam a22002657a 4500
003 LK-CoMWRAF
005 20231206120729.0
008 230929b2009 |||||||| |||| 00| 0 eng d
020 _a9789559261568
040 _aLK-CoMWRAF
_dLK-CoMWRAF
_eLK-CoMWRAF
041 _aeng
082 _a305.4092
_bREM
245 _aRemembering Bernadeen
260 _aColombo:
_bWomen's Education & Research Centre,
_c2009
300 _axiv, 230 p. : ill. ; 23 cm.
650 _aFEMINISM-Sri Lanka
650 _a Women--Sri Lanka--Social conditions--20th century. .
650 _aSocial justice--Sri Lanka
650 _aCivil rights movements-Sri Lanka
700 _aSilva, Bernadeen
700 _a Thiruchandran, Selvy.
_eed.
700 _aUdagama, Deepika
_eed.
700 _aWickremasinghe, Suriya.
_eed.
942 _cBK
999 _c3748
_d3748